01014nas a2200277Ia 4500001001200000003001000012008004100022040002500063041001300088100002000101210001100121222001100132245008900143250001100232260000900243501012300252300001300375362001800388500009700406650002200503700001100525942000700536957000600543999003300549952015400582db11-29831 IT-MiCISF161014c99999999xx |||||||||||| ||und|| aIT-MiCISFcIT-MiCISF aITALIANO aRassegna stampa aAdista aAdista 0aIncroci pericolosi fra embrione, aborto, maggioranza, opposizione, laici e cattolici a1a ed. c1999 bCISF - Centro Internazionale Studi Famiglia - Via Giotto, 36 20145 MILANO (non commercial uses only)cCopyright 2016 app. 3-11 a n. 44 [1999] a Tema: bioetica, aborto, legislazione, procreazione-artificiale, politica, chiesa, società aBIOETICAvdossier aAA.VV. cCR 71 a29831bSig1c220636d220636 0010406DB_112983171aCISFbCISFd2016-10-14l0odb11-29831 r2016-10-14 00:00:00w2016-10-14yCRzData import 15.10.2016 / by Epidotti, Vaglietti